Epidemiología y administración de servicios de salud / (Registro nro. 71)

Detalles MARC
000 -LEADER
fixed length control field 01483 am a2200385 a 4500
005 - FECHA ULTIMA MODIFICACION
control field 20240524082441.0
008 - CAMPO DE CONTROL (LIBRO)
fixed length control field 100310s1991||||mdud f |||| 001 0 spa d
020 ## - INTERNATIONAL STANDARD BOOK NUMBER
ISBN 9275320446
041 ## - CODIGO DE IDIOMA
Código de idioma del texto/pista de sonido o título separado spa
092 ## - SIGNATURA TOPOGRAFICA DEWEY LOCAL
número de clasificación 614.4
libristica 15
sección DEV
100 1# - ENTRADA PRINCIPAL--NOMBRE PERSONAL
Nombre personal Dever, G. E. Alan.
9 (RLIN) 568
245 ## - TITULO PROPIAMENTE DICHO
Título Epidemiología y administración de servicios de salud /
Mención de responsabilidad y remanente de la transcripción de la portada G. E. Alan Dever.
250 ## - MENCION DE EDICION
Mención de edición 1a ed.
260 ## - PIE DE IMPRENTA
Lugar de publicación, distribución, etc Maryland:
Nombre de la editorial, distribuidor, etc OPS/OMS;
Fecha de publicación 1991.
300 ## - DESCRIPCION FISICA
Extension 417 p.
500 ## - NOTA GENERAL
Nota general Dever, G. E. A. (1991). Epidemiología y administración de servicios de salud. (1a ed.). Maryland : OMS/OPS.
590 ## - NOTAS LOCALES (RLIN)
Nota local Compra 2009
653 ## - TÉRMINO INDIZADO - PALABRAS CLAVES
Palabra clave Epidemiología y prevención
653 ## - TÉRMINO INDIZADO - PALABRAS CLAVES
Palabra clave Epidemiología y politica sanitaria
653 ## - TÉRMINO INDIZADO - PALABRAS CLAVES
Palabra clave Epidemiología en la administración de los servicios de salud
653 ## - TÉRMINO INDIZADO - PALABRAS CLAVES
Palabra clave Mediciones epidemiológicas
653 ## - TÉRMINO INDIZADO - PALABRAS CLAVES
Palabra clave Identificación de problemas: determinación de prioridades
653 ## - TÉRMINO INDIZADO - PALABRAS CLAVES
Palabra clave Epidemiología descriptiva: la persona
653 ## - TÉRMINO INDIZADO - PALABRAS CLAVES
Palabra clave Epidemiología descriptiva: lugar y tiempo
653 ## - TÉRMINO INDIZADO - PALABRAS CLAVES
Palabra clave Epidemiología de la utilización de los servicios de salud
653 ## - TÉRMINO INDIZADO - PALABRAS CLAVES
Palabra clave Demografía como herramienta de la epidemiología
653 ## - TÉRMINO INDIZADO - PALABRAS CLAVES
Palabra clave Marketing, epidemiología y administración
653 ## - TÉRMINO INDIZADO - PALABRAS CLAVES
Palabra clave Epidemiología y marketing: análisis de un caso
653 ## - TÉRMINO INDIZADO - PALABRAS CLAVES
Palabra clave Epidemiología y el medio ambiente
653 ## - TÉRMINO INDIZADO - PALABRAS CLAVES
Palabra clave Perspectivas de la epidemiología en la administración de salud
930 ## - NUMERO DE INVENTARIO
Número de inventario 2077
930 ## - NUMERO DE INVENTARIO
Número de inventario 2078
930 ## - NUMERO DE INVENTARIO
Número de inventario 2079
942 ## - ADDED ENTRY ELEMENTS (KOHA)
Source of classification or shelving scheme Dewey Decimal Classification
Item type Libros
Existencias
Estado de retiro Existencia Fuente de clasificación Estado general No para prestamo Colección Ubicación permanente ubicación actual Sala de ubicación Fecha de adquisición Total Checkouts Número de clasificación Código de barras Date last seen Número de ejemplar Price effective from Koha tipo de elemento (item) Public note
    Dewey Decimal Classification     Reference Biblioteca Medicina Biblioteca Medicina Referencia 13/05/2011   614.4 15 DEV 2077 06/11/2014 ej.1 13/05/2011 Reference LIBRO DE CONSULTA
            Biblioteca Medicina Biblioteca Medicina Circulación 13/05/2011   614.4 15 DEV 2078 06/11/2014 ej.2 13/05/2011 Libros  
            Biblioteca Medicina Biblioteca Medicina Circulación 13/05/2011   614.4 15 DEV 2079 06/11/2014 ej.3 13/05/2011 Libros  

UNIVERSIDAD NACIONAL DEL COMAHUE
Biblioteca de la Facultad de Ciencias Médicas
Sede Toschi: Los Arrayanes y Av. Toschi, Cipolletti  - Rio Negro
Sede Los Tordos:  Yrigoyen al 2211, Cipolletti - Rio Negro 

Teléfono: 0299 - 4774707 int 25
Contacto: biblioteca@facimed.uncoma.edu.ar
© 2011 - 2026